Desnudez

Tallennettuna:
Bibliografiset tiedot
Päätekijä: Agamben, Giorgio (Tekijä)
Aineistotyyppi: Kirja
Kieli:espanja
Julkaistu: Buenos Aires, Argentina Adriana Hidalgo Editora 2011
Sarja:Filosofía e Historia
Aiheet:
Tagit: Lisää tagi
Ei tageja, Lisää ensimmäinen tagi!

MARC

LEADER 00000cam a2200000 a 4500
001 UCF3312
003 CL-VaPUC
005 20210618001408.0
008 121004e20110000AG |||||||||||||||||spa|d
999 |c 349747  |d 349745 
020 |a 9789871556557 
040 |c Pontificia Universidad Católica de Valparaíso 
082 0 4 |a 854 AGA 2011  |2 21 
100 0 |a Agamben, Giorgio  |e author  |9 565238 
245 1 0 |a Desnudez 
260 |a Buenos Aires, Argentina  |b Adriana Hidalgo Editora  |c 2011 
300 |a 176 páginas 
490 0 |a Filosofía e Historia 
583 |a last modification  |c 20121004 18:42:00  |k Rodrigo Vera 
650 7 |a ENSAYOS ITALIANOS  |2 CL-VaPUC  |9 313702 
650 0 |a Filosofía del arte  |9 264951 
650 0 |a Filosofía contemporánea  |9 265372 
942 |c BK  |2 ddc 
945 |d 20121004 00:00:00  |a dcastane 
952 |0 0  |1 0  |2 ddc  |4 0  |6 854_000000000000000_AGA_2011  |7 0  |8 A  |9 452516  |a BIBART  |b BIBART  |d 2019-11-22  |i 4912640  |l 1  |o 854 AGA 2011  |p 4912640  |r 2025-03-13  |s 2022-10-17  |t 1  |w 2019-11-22  |y BK  |k ART